[Event "10th EICC"]
[Site "Budva MNE"]
[Date "2009.03.15"]
[Round "9"]
[White "Stojanovic,Da"]
[Black "Ogloblin,N"]
[Result "1-0"]
[WhiteElo "2469"]
[BlackElo "2362"]

1.e4 c5 2.Nf3 Nc6 3.Bb5 e6 4.Bxc6 bxc6 5.d3 Ne7 6.Qe2 Ng6 7.h4 h5 8.e5 f6
9.Qe4 Kf7 10.Rh3 d5 11.exd6 e5 12.Rg3 Bg4 13.Nh2 Bxd6 14.Nxg4 hxg4 15.Qxg4 Ne7
16.Qxg7+ Ke6 17.Rf3 Rf8 18.Qg4+ f5 19.Qc4+ Nd5 20.Nc3 Rb8 21.a3 Rg8 22.Bg5 Rxg5
23.hxg5 Qxg5 24.Rg3 Qh6 25.Rh3 Qg5 26.Qh4 Qxh4 27.Rxh4 Rxb2 28.Nxd5 cxd5
29.O-O-O Rb6 30.Rh6+ Kd7 31.Rh7+ Kc6 32.Rxa7 e4 33.c3 exd3 34.Rxd3 c4 35.Rh3 d4
36.cxd4 Kd5 37.Ra5+ Kxd4 38.Rxf5 Ke4 39.Rff3  1-0

[Event "10th EICC"]
[Site "Budva MNE"]
[Date "2009.03.16"]
[Round "10"]
[White "Can,E"]
[Black "Vedmediuc,S"]
[Result "1/2-1/2"]
[WhiteElo "2471"]
[BlackElo "2414"]

1.e4 c5 2.Nf3 Nc6 3.Bb5 g6 4.O-O Bg7 5.Re1 Nf6 6.e5 Nd5 7.Nc3 Nc7 8.Bxc6 dxc6
9.Ne4 Ne6 10.d3 O-O 11.Be3 b6 12.Qd2 Nd4 13.Nxd4 cxd4 14.Bh6 c5 15.Qf4 Bb7
16.Ng3 f5 17.exf6 exf6 18.Bxg7 Kxg7 19.a4 Rf7 20.f3 Qc7 21.Qd2 a5 22.Re2 Bc6
23.b3 Re8 24.Rae1 Rfe7 25.Kf2 Rxe2+ 26.Rxe2 Rxe2+ 27.Qxe2 Kf7 28.Qd2 g5 29.h4 h6
30.hxg5 hxg5 31.Nf1 Qe5 32.Qe1 Qf4 33.Ke2 g4 34.Qg3 gxf3+ 35.gxf3 Qe5+ 36.Kf2 b5
37.axb5 Bxb5 38.Qh3 Bc6 39.Qc8 Qd5 40.Nd2 Qd6 41.Qh8 Qf4 42.Qh5+ Kg7 43.Nc4 f5
44.Qh3 a4 45.Qg3+  1/2-1/2

[Event "10th EICC w"]
[Site "St Petersburg RUS"]
[Date "2009.03.16"]
[Round "8"]
[White "Umudova,N"]
[Black "Lezhepekova,V"]
[Result "1/2-1/2"]
[WhiteElo "2227"]
[BlackElo "1917"]

1.e4 c5 2.Nf3 Nc6 3.Bb5 Qc7 4.O-O g6 5.c3 Bg7 6.d4 cxd4 7.cxd4 a6 8.Ba4 b5
9.Bb3 Na5 10.Nc3 Nxb3 11.Qxb3 Bb7 12.Bg5 Qc4 13.Qd1 Nf6 14.Rc1 Qb4 15.Bd2 Rc8
16.Nd5 Rxc1 17.Qxc1 Qc4 18.Nc7+ Kf8 19.e5 Nd5 20.Nxd5 Bxd5 21.b3 Qc6 22.Qa3 f6
23.Rc1 Qe6 24.Qc5 Bxf3 25.gxf3 fxe5 26.dxe5 Bxe5 27.Bc3 Bxc3 28.Rxc3 d6 29.Qc6 Kf7
30.Kg2 d5 31.Qxe6+ Kxe6 32.Rc6+ Ke5 33.Rxa6 Kd4 34.Ra5 Rb8 35.Ra7 e5 36.Rxh7 Ra8
37.a4 bxa4 38.bxa4 Re8 39.a5 Re6 40.Rb7 Ra6 41.Rb6 Rxa5 42.Rxg6 Kc3 43.h4 d4
44.h5 d3 45.h6 Ra8 46.Rc6+ Kb2 47.Rd6 Kc2 48.Rc6+ Kd1 49.Rc5 Re8 50.h7 Rh8
51.Rxe5 Rxh7 52.Rd5 d2 53.Kg3 Re7 54.f4 Ke1 55.f5 d1=Q 56.Rxd1+ Kxd1 57.Kf4 Ke2
58.f6 Ra7 59.Kf5 Kf3 60.Kg6 Ra4  1/2-1/2

[Event "3rd Georgi Agzamov Mem"]
[Site "Tashkent AZE"]
[Date "2009.03.16"]
[Round "1"]
[White "Tillyaev,U"]
[Black "Kvon,A"]
[Result "0-1"]
[WhiteElo "2123"]
[BlackElo "2425"]

1.e4 c5 2.Nf3 Nc6 3.Bb5 d6 4.O-O Bd7 5.Re1 Nf6 6.c3 a6 7.Bf1 Bg4 8.h3 Bh5
9.d3 e6 10.Nbd2 Be7 11.g4 Bg6 12.Bg2 h6 13.Nf1 d5 14.e5 Nd7 15.Bf4 b5 16.b3 Rc8
17.a3 O-O 18.Qd2 Na5 19.Qd1 c4 20.dxc4 dxc4 21.b4 Nb3 22.Ra2 Nb6 23.N3d2 Na4
24.Qf3 Rc7 25.Ne4 Bxe4 26.Rxe4 Rd7 27.Re3 Rd1 28.Kh2 Rc1 29.Ng3 g5 30.Ne4 gxf4
31.Qxf4 Bg5 32.Nf6+ Qxf6 33.Qxf6 Bxf6 34.exf6  0-1

[Event "10th EICC"]
[Site "Budva MNE"]
[Date "2009.03.17"]
[Round "11"]
[White "Golubovic,B"]
[Black "Pantic,I"]
[Result "1/2-1/2"]
[WhiteElo "2403"]
[BlackElo "2193"]

1.e4 c5 2.Nf3 Nc6 3.Bb5 g6 4.Bxc6 dxc6 5.d3 Bg7 6.h3 Nf6 7.Nc3 Nd7 8.Be3 e5
9.Qd2 O-O 10.O-O Re8 11.a3 b6 12.b4 cxb4 13.axb4 Nf8 14.Ra3 Ne6 15.Ne2 f5
16.exf5 gxf5 17.Bh6 Bh8 18.d4 f4 19.dxe5 Qxd2 20.Nxd2 Bxe5 21.Re1 Bb7 22.Nf3 Bd6
23.Rb3 Ba6 24.Nc3 Kf7 25.Rd1 Bc7 26.Ra3 Bc8 27.Bg5 Nxg5 28.Nxg5+ Kg6 29.Nf3 Kf6
30.b5 Bb7 31.bxc6 Bxc6 32.Nd5+ Bxd5 33.Rxd5 a5 34.Rc3 Rec8 35.Rh5 Kg6 36.Rg5+ Kf6
37.Rh5 Kg6 38.Rg5+ Kf6  1/2-1/2

[Event "10th EICC"]
[Site "Budva MNE"]
[Date "2009.03.17"]
[Round "11"]
[White "Sofronie,I"]
[Black "Tassopoulos,M"]
[Result "1/2-1/2"]
[WhiteElo "2471"]
[BlackElo "2293"]

1.e4 c5 2.Nf3 Nc6 3.Bb5 g6 4.Bxc6 dxc6 5.d3 Bg7 6.h3 Nf6 7.Nc3 Nd7 8.Be3 e5
9.Qd2 Qe7 10.Bh6 f6 11.Nh2 Nf8 12.Bxg7 Qxg7 13.Ne2 Ne6 14.f4 exf4 15.Nxf4 O-O
16.O-O b6 17.Rae1 Nxf4 18.Qxf4 Be6 19.b3 Qd7 20.Nf3 Rad8 21.Qg3 Rf7 22.Kh2 Qc7
23.e5 Rd5 24.Re3 fxe5 25.Rfe1 e4 26.Qxc7 Rxc7 27.Rxe4 Bf7 28.g4 h6 29.Kg3 Kg7
30.h4 Rdd7 31.Ne5 Rd4 32.R4e3 Be6 33.Rf1 Rd6 34.g5 Bf5 35.Nf3 h5 36.Rfe1 Rdd7
37.Re8 b5 38.Ra8 Re7 39.Rxe7+ Rxe7 40.Kf4 c4 41.bxc4 bxc4 42.Ne5 cxd3 43.cxd3 c5
44.Nc6 Re1 45.Rxa7+ Kf8 46.Ra3 Kf7 47.Ra7+ Kf8 48.Ra5 Bxd3 49.Rxc5 Re4+ 50.Kf3 Rxh4
51.Ne5 Bf5 52.Ra5 Ke7 53.Ra6 Rh2 54.Nxg6+  1/2-1/2

[Event "10th EICC"]
[Site "Budva MNE"]
[Date "2009.03.17"]
[Round "11"]
[White "Iordachescu,V"]
[Black "Savchenko,B"]
[Result "0-1"]
[WhiteElo "2584"]
[BlackElo "2654"]

1.e4 c5 2.Nf3 Nc6 3.Bb5 g6 4.Bxc6 bxc6 5.O-O Bg7 6.Re1 Nh6 7.c3 f6 8.d4 cxd4
9.cxd4 O-O 10.Nc3 Nf7 11.b3 Qa5 12.Bb2 Rb8 13.Rc1 d6 14.h3 Ba6 15.Rc2 Rfd8
16.Ne2 e5 17.Bc3 Qb6 18.Ng3 c5 19.d5 Rf8 20.Rb2 Bh6 21.Bd2 Bxd2 22.Qxd2 Qb4
23.Rc1 Rfc8 24.Rbc2 Kg7 25.Qe3 Bb5 26.Nd2 a5 27.Nc4 a4 28.Rc3 Ba6 29.Nf1 axb3
30.Rxb3 Qa4 31.Ra3 Qb5 32.Nfd2 Qb7 33.Na5 Qb2 34.Ndc4 Bxc4 35.Nxc4 Qb7 36.Rb3 Qa6
37.Ra3 Qb7 38.Rb3 Qe7 39.Nb6 Rc7 40.a4 Ra7 41.Rcb1 f5 42.exf5 gxf5 43.Nc4 f4
44.Qf3 Rxb3 45.Qxb3 Qg5 46.Nd2 Qg6 47.Re1 Nh6 48.Qc4 Nf5 49.Qe4 Qf7 50.Ra1 Ne7
51.Nc4 Ra6 52.a5 Nxd5 53.Ra3 Nf6 54.Qd3 e4 55.Qe2 d5 56.Nb6 c4 57.Qb2 Qe6
58.Qd4 Kg6 59.Qc5 Kf5 60.Qb5 Ra7 61.Nxc4 Rc7 62.a6 Rxc4 63.a7 e3 64.fxe3 Rc1+
65.Qf1 Rxf1+ 66.Kxf1 Qe4 67.a8=Q fxe3 68.Qc8+ Kg6 69.Kg1 e2 70.Rg3+ Kh5 71.Kh2 e1=Q  0-1

[Event "10th EICC"]
[Site "Budva MNE"]
[Date "2009.03.17"]
[Round "11"]
[White "Pikula,D"]
[Black "Bykhovsky,An ISR"]
[Result "1-0"]
[WhiteElo "2570"]
[BlackElo "2459"]

1.e4 c5 2.Nf3 Nc6 3.Bb5 d6 4.O-O Bd7 5.c3 Nf6 6.Re1 a6 7.Ba4 b5 8.Bc2 e5
9.h3 Be7 10.d4 cxd4 11.cxd4 Rc8 12.Nc3 O-O 13.a3 Re8 14.Be3 exd4 15.Nxd4 Ne5
16.Bc1 Bf8 17.f4 Nc4 18.Qd3 Qa5 19.Kh2 g6 20.b3 Nxa3 21.b4 Qxb4 22.Rxa3 Rc4
23.Rb3 Qc5 24.Be3 b4 25.Ne6 Qc6 26.Nxf8 Kxf8 27.Nd5 Nxd5 28.exd5 Qc8 29.f5 Kg8
30.fxg6 hxg6 31.Bb1 a5 32.Qf1 Bf5 33.Bb6 Rxe1 34.Qxe1 Bxb1 35.Rxb1 Qa8 36.Rd1  1-0

[Event "10th EICC w"]
[Site "St Petersburg RUS"]
[Date "2009.03.17"]
[Round "9"]
[White "Zizlova,S"]
[Black "Umudova,N"]
[Result "0-1"]
[WhiteElo "2020"]
[BlackElo "2227"]

1.e4 c5 2.Nf3 Nc6 3.Bb5 g6 4.O-O Bg7 5.Re1 Nf6 6.e5 Nd5 7.b3 Nc7 8.Bxc6 dxc6
9.Bb2 O-O 10.d3 Ne6 11.Nbd2 b6 12.a4 a5 13.Qe2 Bh6 14.Qe4 Nf4 15.Nc4 Be6
16.Qxc6 Bd5 17.Qxb6 Qc8 18.Re3 Nxg2 19.Kxg2 Ra6 20.Qb5 Bc6 21.Qxa6 Qxa6 22.Kg3 Bxe3
23.Nxe3 Bb7 24.Ng4 h5 25.Ne3 Qc6 26.Ng5 f6 27.exf6 exf6  0-1

[Event "3rd Georgi Agzamov Mem"]
[Site "Tashkent AZE"]
[Date "2009.03.17"]
[Round "2"]
[White "Filippov,An UZB"]
[Black "Pak,E"]
[Result "1/2-1/2"]
[WhiteElo "2558"]
[BlackElo "2278"]

1.e4 c5 2.Nf3 Nc6 3.Bb5 d6 4.O-O Bd7 5.Re1 Nf6 6.c3 a6 7.Bf1 Bg4 8.d4 cxd4
9.cxd4 d5 10.e5 Nd7 11.Be3 e6 12.Nbd2 Be7 13.Bd3 Rc8 14.a3 Bh5 15.b4 O-O
16.h3 a5 17.b5 Na7 18.Qb1 Bg6 19.Bxg6 fxg6 20.Qd3 a4 21.Rec1 Qb6 22.Bg5 Bxg5
23.Nxg5 h6 24.Ngf3 g5 25.Rab1 Rxc1+ 26.Rxc1 Qxb5 27.Qg6 Qb6 28.Rb1 Qc6 29.Nh2 Rf5
30.Ng4 Nf8 31.Nxh6+ Kh8 32.Nf7+ Kg8 33.Nh6+ Kh8 34.Nf7+  1/2-1/2

[Event "Copa Ajedrez Plus"]
[Site "Ramos Mejia ARG"]
[Date "2009.03.18"]
[Round "7"]
[White "Shcherbine,A"]
[Black "Daneri,M"]
[Result "1-0"]
[WhiteElo "2171"]
[BlackElo "2149"]

1.e4 c5 2.Nf3 Nc6 3.Bb5 g6 4.O-O Bg7 5.Re1 Nf6 6.c3 O-O 7.d3 d6 8.Bxc6 bxc6
9.e5 Nd5 10.Qa4 Qb6 11.Nbd2 Qb5 12.Qxb5 cxb5 13.exd6 exd6 14.Ne4 Rd8 15.Nxd6 Nxc3
16.bxc3 Bxc3 17.Bf4 Bg4 18.Rac1 Bxe1 19.Nxe1 g5 20.Bg3 Be6 21.Rxc5 f5 22.Nxf5 Bxa2
23.Rxb5 a5 24.Ne7+ Kf7 25.Nc6 Re8 26.Nf3 a4 27.Nxg5+ Kg6 28.Ne4 h6 29.Ne5+ Rxe5
30.Bxe5 a3 31.Bc3 Rd8 32.Rb6+ Kf7 33.Nd6+ Kg8 34.Bb4 Bb1 35.Bxa3 Bxd3 36.f3 Ra8
37.Bb2  1-0

[Event "10th EICC w"]
[Site "St Petersburg RUS"]
[Date "2009.03.18"]
[Round "10"]
[White "Khukhashvili,S"]
[Black "Girya,O"]
[Result "1-0"]
[WhiteElo "2416"]
[BlackElo "2315"]

1.e4 c5 2.Nf3 Nc6 3.Bb5 Nf6 4.e5 Nd5 5.O-O Nc7 6.Bxc6 dxc6 7.h3 g6 8.d3 Bg7
9.a4 Ne6 10.Re1 O-O 11.a5 Nd4 12.Nbd2 Bf5 13.b3 Qc7 14.Bb2 Rad8 15.Ra4 Nxf3+
16.Nxf3 c4 17.bxc4 c5 18.Ra3 Bd7 19.Nd2 Bc6 20.Qe2 b6 21.Bc3 b5 22.cxb5 Bxb5
23.Qe3 Rc8 24.Ba1 Bd7 25.c4 Bf5 26.Nf1 Qb7 27.Ng3 Bd7 28.Ra2 Qb4 29.Ne4 Bf5
30.Nc3 Qb7 31.Rb2 Qd7 32.Nd5 Rfe8 33.a6 Qc6 34.Rb7 Kf8 35.Rxa7 Be6 36.Nf4 Qb6
37.Rb7 Qxa6 38.Rb5 Qc6 39.Bb2 Bf5 40.Ba3 Bh6 41.Rxc5 Bxf4 42.Qxf4 Qa4 43.Qh6+ Kg8
44.Rxc8 Bxc8 45.Qc1 Bf5 46.Qc3 h5 47.Ra1 Qc6 48.d4 Be6 49.Bc5 Rb8 50.Rc1 Rb7
51.Qe3 Rc7 52.Rc3 Qa4 53.Qc1 Kg7 54.Kh2 Qa2 55.Qf4 Qb2 56.Rf3 Qc2 57.Bxe7 Qxc4
58.Rg3 Rc8 59.Rg5 Qd3 60.Qh4 Kh7 61.Bf6 Qd2 62.Qg3 Qd1 63.f3 Rg8 64.Qh4 Qd2
65.Qe4 Kh6 66.f4 Bf5 67.Qf3 Qxd4 68.Qg3 Kh7 69.Qf3 Kh6 70.Rg3 Qe4 71.Qa3 Kh7
72.Bg5 Ra8 73.Qb2 Qb1 74.Rb3 Qxb2 75.Rxb2 Be6 76.Kg3 Ra3+ 77.Kh4 Ra2 78.Rb8 Rc2
79.Bf6 Rc8 80.Rb5 Rc2 81.Rb8 Rc8 82.Rb2 Kg8 83.Be7 Rc7 84.Bd6 Rc3 85.g3 Kg7
86.Rh2 Rc4 87.Rd2 Rc1 88.Rh2 Rg1 89.Be7 Rc1 90.Bf6+ Kf8 91.Rd2 Rc8 92.g4 hxg4
93.hxg4 Ke8 94.Kg5 Bd7 95.Rd4 Rc1 96.e6 Rc5+ 97.Kh6 fxe6 98.Kxg6 Rc8 99.Be5 Bc6
100.Kf6 Bd5 101.g5 Kf8 102.g6 Kg8 103.g7 Re8 104.Rb4 Bf3 105.Rb2 Be4 106.Ra2 Bf5
107.Ra7 Bg4 108.Bd6 Bh5 109.Ra5 Bg4 110.Rg5 Bf5 111.Rh5 Bh7 112.Rg5 Bf5 113.Rg1 Bd3
114.Bf8 Bf5 115.Rh1 Bh7 116.Rxh7  1-0

[Event "10th EICC w"]
[Site "St Petersburg RUS"]
[Date "2009.03.18"]
[Round "10"]
[White "Makropoulou,M"]
[Black "Manakova,M"]
[Result "0-1"]
[WhiteElo "2262"]
[BlackElo "2299"]

1.e4 c5 2.Nf3 Nc6 3.Bb5 e6 4.O-O Nge7 5.c3 a6 6.Ba4 b5 7.Bc2 d5 8.d4 cxd4
9.exd5 Nxd5 10.Nxd4 Nxd4 11.Qxd4 Bb7 12.Nd2 Qc7 13.Nf3 O-O-O 14.Qe5 Bd6 15.Qe2 g5
16.Bxg5 Rdg8 17.Bd2 Bxh2+ 18.Kh1 Nf4 19.Qe5 Qxe5 20.Nxe5 Rxg2 21.f3 Rxd2
22.Be4 Bg3  0-1

[Event "10th EICC w"]
[Site "St Petersburg RUS"]
[Date "2009.03.19"]
[Round "11"]
[White "Baciu,D"]
[Black "Kluchik,J"]
[Result "1-0"]
[WhiteElo "2107"]
[BlackElo "1953"]

1.e4 c5 2.Nf3 Nc6 3.Bb5 Qc7 4.O-O Nf6 5.Re1 d6 6.h3 Bd7 7.c3 e5 8.d4 Be7
9.dxc5 dxc5 10.Qc2 O-O 11.Be3 a6 12.Bf1 Rad8 13.Nbd2 Be6 14.Red1 h6 15.Nb3 b6
16.Bxa6 c4 17.Nbd2 Nb8 18.Bb5 Rd3 19.b3 Rxe3 20.fxe3 Qc5 21.Bxc4 Qxe3+ 22.Kh1 Nh5
23.Nf1 Qf4 24.Bxe6 fxe6 25.Re1 g5 26.Qd2 Ng3+ 27.Nxg3 Qxg3 28.Rf1 h5 29.Qe1 Qxe1
30.Raxe1 Nc6 31.Rd1 Rf7 32.Rd7 g4 33.Nd2 Rg7 34.Rc7 Nd8 35.Nc4 gxh3 36.gxh3 Kh8
37.Rxe7 Rxe7 38.Rf8+ Kh7 39.Rxd8 Rf7 40.Nxe5 Rf2 41.a4 Re2 42.Rd4 Re3 43.Rd3 Rxe4
44.Nd7 Re1+ 45.Kg2 e5 46.Nxb6 e4 47.Rd2 e3 48.Ra2  1-0

[Event "3rd Georgi Agzamov Mem"]
[Site "Tashkent AZE"]
[Date "2009.03.19"]
[Round "4"]
[White "Amanov,Z"]
[Black "Potapov,P"]
[Result "1-0"]
[WhiteElo "2413"]
[BlackElo "2414"]

1.e4 c5 2.Nf3 Nc6 3.Bb5 g6 4.O-O Bg7 5.Re1 Nf6 6.e5 Nd5 7.Nc3 Nc7 8.Bxc6 dxc6
9.Ne4 b6 10.Nf6+ Kf8 11.Ne4 h6 12.h3 Kg8 13.d3 Kh7 14.Bf4 Ne6 15.Bg3 a5 16.Qe2 Nd4
17.Nxd4 cxd4 18.a4 c5 19.h4 Qd5 20.h5 Bb7 21.Qg4 Rhf8 22.f3 Rae8 23.Nd2 Bc8
24.hxg6+ fxg6 25.e6 Rf6 26.Nc4 Bxe6 27.Qh4 g5 28.Qh2 g4 29.Bh4 Rg6 30.Ne5 Bxe5
31.Rxe5 Qd7 32.fxg4 Bxg4 33.Rf1 e6 34.Rf6 Reg8 35.Qf4 Rxf6 36.Qxf6 Rg7 37.b3 Bf5
38.Re2 b5 39.axb5 Qxb5 40.Qf8 Rg8 41.Qe7+ Rg7 42.Qf8 Rg8 43.Qd6 Qb8 44.Qxc5 Qf4
45.Be1 Qg4 46.Rf2 h5 47.Bxa5 h4 48.Bb6 h3 49.Qxd4 Qd1+ 50.Kh2 Rxg2+ 51.Rxg2 hxg2
52.Qh4+ Kg6 53.Qg3+ Kf7 54.Qxg2 Qh5+ 55.Kg1 Qd1+ 56.Kh2 Qh5+ 57.Kg3 Qg4+
58.Kf2 Qf4+ 59.Qf3 Qh2+ 60.Qg2 Qf4+ 61.Kg1 Qc1+ 62.Kh2 Qf4+ 63.Qg3 Qh6+ 64.Kg2 Qd2+
65.Qf2 Qg5+ 66.Kf3 e5 67.Ke2 Ke6 68.Be3 Bg4+ 69.Kd2 Qd8 70.Kc1 Qa5 71.Kb2 Bf5
72.Qg2 Qd8 73.Qc6+ Qd6 74.Qe8+ Qe7 75.Qxe7+ Kxe7 76.Kc3 Kd6 77.Kd2 Kc6 78.c4 Bg6
79.Kc3 Bf7 80.b4 Be8 81.Bg1 Kd6 82.Bh2 Ke6 83.b5 Bd7 84.Kb4 Be8 85.Kc5  1-0

[Event "TCh-AUT 1st Bundesliga 2008-9"]
[Site "Ansfelden AUT"]
[Date "2009.03.20"]
[Round "9"]
[White "Knoll,H"]
[Black "Markos,J"]
[Result "1/2-1/2"]
[WhiteElo "2371"]
[BlackElo "2577"]

1.e4 c5 2.Nf3 Nc6 3.Bb5 d6 4.O-O Bd7 5.Re1 Nf6 6.c3 a6 7.Ba4 c4 8.Na3 b5
9.Bc2 Ng4 10.d4 cxd3 11.Qxd3 g6 12.h3 Nge5 13.Nxe5 Nxe5 14.Qe2 g5 15.Bxg5 Rg8
16.Qh5 Bxh3 17.Qxh3 Rxg5 18.Rad1 Bg7 19.Kf1 e6 20.Bb3 Qf6 21.Nc2 Ke7 22.Nd4 Rg8
23.Nf3 Nxf3 24.Qxf3 Qxf3 25.gxf3 h5 26.Ke2 h4 27.Rh1 Rh8 28.f4 Rc5 29.Rh3 Bf6
30.Rhd3 h3 31.Rh1 h2 32.a3 Rh4 33.Rf3 Bg7 34.Bc2 Bh6 35.f5 Bf4 36.fxe6 fxe6
37.Rxf4 Rxf4 38.Rxh2 Rc8 39.Rh7+ Rf7 40.Rxf7+ Kxf7 41.f4 Rh8 42.f5 Rh2+ 43.Kd1 Kf6
44.Kc1 Rh1+ 45.Kd2 Rh2+ 46.Kc1 Ke5 47.fxe6 Kxe6 48.Bb3+ Ke5 49.Bd5 Kf4 50.Bb7 a5
51.Bc6 Rh5 52.Kd2 a4 53.Kd3 Rc5 54.Bd5 Ke5 55.c4 bxc4+ 56.Bxc4 Ra5 57.Bd5 Rb5
58.Kc3 Rb6 59.Ba8 Rb3+ 60.Kc2 Rb8 61.Bd5 Kd4 62.Kb1 Rc8 63.Bb7 Rc5 64.Ba8 Kd3
65.Bd5 Rc7 66.b3 Kc3 67.bxa4 Ra7 68.Bc6 Kb3 69.Bb5 Rc7 70.a5 Kxa3 71.Bd3 Rc3
72.Be2 Re3 73.Bh5 Rxe4 74.a6 Ra4 75.Be2 Kb4 76.Kb2 d5 77.Bf1 Kc5 78.Kb3 Rb4+
79.Ka3 Rb8 80.Ka4 Rf8 81.Bb5 Kb6 82.Be2 Rf2 83.Bd3 Rf3 84.Be2 Re3 85.Bf1 Re1
86.Bd3 Kc5 87.Kb3 Ra1 88.Kb2 Ra5 89.Kb3 Ra1 90.Kb2 Rg1 91.Bf5 Rg8 92.Kc3 Rf8
93.Bg4 Rg8 94.Bf5 Rg3+ 95.Kb2 Kb6 96.Be6 Rd3 97.Kc2 Rd4 98.a7 Kxa7 99.Kc3 Rd1
100.Kc2 Ka8  1/2-1/2

[Event "3rd Georgi Agzamov Mem"]
[Site "Tashkent AZE"]
[Date "2009.03.20"]
[Round "5"]
[White "Dzhumaev,M"]
[Black "Kuzubov,Y"]
[Result "1/2-1/2"]
[WhiteElo "2529"]
[BlackElo "2626"]

1.e4 c5 2.Nf3 Nc6 3.Bb5 d6 4.O-O Bd7 5.Re1 Nf6 6.a4 e6 7.c3 Be7 8.d3 O-O
9.Nbd2 Rc8 10.Qe2 Re8 11.Bc4 a6 12.Nf1 Qc7 13.Ng3 Na5 14.Bf4 Ng4 15.Nd2 Ne5
16.Ba2 b5 17.axb5 axb5 18.Bb1 Nac6 19.Be3 Ng6 20.d4 cxd4 21.cxd4 Nb4 22.d5 Ra8
23.Rxa8 Rxa8 24.dxe6 fxe6 25.Nf3 Rc8 26.Nd4 Qc4 27.Qd2 Bf6 28.Nge2 Na6 29.Bd3 Qb4
30.Qxb4 Nxb4 31.Bxb5 Bxb5 32.Nxb5 Rb8 33.Nxd6 Nc2 34.Ba7 Ra8 35.Rc1 Rxa7
36.Rxc2 Ra1+ 37.Rc1 Rxc1+ 38.Nxc1 Bxb2 39.Nd3 Bd4 40.Nc4 Kf7 41.g3 Ke7 42.Kg2 Nf8
43.f4 Nd7 44.Kf3 Nf6 45.e5 Nd5 46.Nd6 g6 47.Ne4 h6 48.g4 Kf7 49.Ng3 Bb6 50.f5 gxf5
51.gxf5 exf5 52.Nxf5 Kg6 53.Nd6 Kg5 54.Kg3 Bc7 55.Nc5 Kg6 56.Kf3 Bb6 57.Nd7 Bg1
58.h3 Nc7 59.Nc8 Ne6 60.Kg4 h5+ 61.Kf3 Ng5+ 62.Kg3  1/2-1/2

[Event "TCh-AUT 1st Bundesliga 2008-9"]
[Site "Ansfelden AUT"]
[Date "2009.03.21"]
[Round "10"]
[White "Kalod,R"]
[Black "Rausis,I"]
[Result "0-1"]
[WhiteElo "2504"]
[BlackElo "2501"]

1.e4 c5 2.Nf3 Nc6 3.Bb5 g6 4.Bxc6 dxc6 5.d3 Bg7 6.h3 Nf6 7.Nc3 O-O 8.Be3 b6
9.Qd2 e5 10.O-O Qe7 11.Bh6 Nh5 12.Ne2 f6 13.Nh2 Bd7 14.Rae1 Rad8 15.b3 Bc8
16.Be3 g5 17.Ng3 Nf4 18.Qd1 Qf7 19.Bd2 Rfe8 20.Ng4 Bf8 21.Ne3 Kh8 22.Ngf5 Ne6
23.Qf3 Qg6 24.g4 Rd7 25.Kh2 h6 26.h4 Rh7 27.h5 Qg8 28.Kg1 Rd7 29.a4 Qf7 30.Rb1 Kh7
31.Rfd1 Red8 32.Bc1 Rc7 33.Bb2 Nd4 34.Nxd4 cxd4 35.Nf5 c5 36.Bc1 Be6 37.Bd2 Rdc8
38.Ra1 a6 39.Rdb1 Ra7 40.Kg2 Rca8 41.Be1 Rc7 42.Bd2 Rac8 43.Be1 Kg8 44.Bd2 Ra7
45.Be1 Qd7 46.Bd2 Kf7 47.Be1 Rca8 48.Bd2 Rb7 49.Be1 Qc8 50.Bd2 Qc6 51.Be1 Qd7
52.Bd2 Rc7 53.Be1 Qc8 54.Bd2 Bd7 55.Be1 Qe8 56.Bd2 Qe6 57.Be1 Rcc8 58.Bd2 b5
59.axb5 axb5 60.Qd1 Qc6 61.Rxa8 Rxa8 62.Ra1 Be6 63.Qb1 Ra6 64.Bc1 Qa8 65.Bb2 Ke8
66.Rxa6 Qxa6 67.Qa1 Qxa1 68.Bxa1 c4 69.bxc4 bxc4 70.dxc4 Bxc4 71.Kf3 Kd7
72.Bb2 Kc6 73.Bc1 Kb5 74.Bb2 Kb4 75.Nxd4 exd4 76.Bxd4 Bg7 77.Kg3 Be6 78.f4 Kc4
79.Bb2 Bd7 80.Kf3 Ba4 81.fxg5 hxg5 82.h6 Bxh6 83.Bxf6 Bxc2 84.e5 Bd1+ 85.Kg3 Kd5
86.Kh3 Ba4 87.Kg3 Bd7 88.Kf3 Bc8 89.Kg3 Ke6 90.Kf3 Kf7 91.Bd8 Kg6 92.Be7 Bg7
93.Bd6 Kf7 94.Bc7 Bf8 95.Bb6 Be7 96.Bd4 Ke6 97.Bb2 Kd5 98.Bc3 Bd7 99.Bb2 Ba4
100.Kg3 Bd1 101.Kh3 Bd8 102.Bc3 Be2 103.Bb2 Ke4 104.Kg3 Bd1 105.Kh3 Kf4  0-1

[Event "10th Dos Hermanas Internet"]
[Site "ICC INT"]
[Date "2009.03.21"]
[Round "5.4"]
[White "Andriasian,Z"]
[Black "Kononenko,Dmitry1"]
[Result "0-1"]
[WhiteElo "2564"]
[BlackElo "2574"]

1.e4 c5 2.Nf3 Nc6 3.Bb5 d6 4.O-O Bd7 5.c3 Nf6 6.Re1 a6 7.Bf1 Bg4 8.h3 Bxf3
9.Qxf3 g6 10.d3 Bg7 11.Nd2 O-O 12.Qd1 Nd7 13.Nf3 b5 14.d4 b4 15.Be3 bxc3
16.bxc3 Qa5 17.Rc1 Rab8 18.Nd2 Rfc8 19.d5 Na7 20.Nc4 Qc7 21.a4 Nb6 22.Qc2 Nxc4
23.Bxc4 Qa5 24.f4 Rb7 25.Bf2 Rcb8 26.e5 Nc8 27.Qd3 Qxa4 28.Ra1 Qd7 29.e6 Qe8
30.Bxa6 Rb2 31.Rab1 Rxb1 32.Rxb1 Nb6 33.Bb5 Qf8 34.f5 fxe6 35.fxe6 Qf5 36.Qxf5 gxf5
37.c4 Nxc4 38.Rb3 Nd2 39.Rd3 Rxb5 40.Rxd2 c4 41.Bh4 c3 42.Rc2 Bd4+ 43.Kf1 Rb2
44.Rc1 Kf8 45.Be1 Rb5 46.Bxc3 Bxc3 47.Rxc3 Rxd5 48.Kf2 Re5 49.Kf3 Rxe6 50.Kf4 Rf6
51.Kg5 Kf7 52.h4 h6+ 53.Kh5 e5 54.g3 e4 55.Rc8 Ke6 56.Re8+ Kd5 57.g4 fxg4
58.Kxg4 Re6 59.Ra8 e3 60.Ra1 e2 61.Re1 Kd4 62.Rxe2 Rxe2  0-1

[Event "TCh-AUT 1st Bundesliga 2008-9"]
[Site "Ansfelden AUT"]
[Date "2009.03.22"]
[Round "11"]
[White "Hartl,D"]
[Black "Gerhold,M"]
[Result "1/2-1/2"]
[WhiteElo "2188"]
[BlackElo "2229"]

1.e4 c5 2.Nf3 Nc6 3.Bb5 g6 4.O-O Bg7 5.Re1 Nf6 6.e5 Nd5 7.Nc3 Nc7 8.Bxc6 dxc6
9.h3 Ne6 10.d3 b6 11.a4 a5 12.Ne4 h6 13.Be3  1/2-1/2

[Event "Spring Open"]
[Site "Belgrade SRB"]
[Date "2009.03.27"]
[Round "6"]
[White "Tomin,Ks"]
[Black "Vujosevic,D"]
[Result "1-0"]
[WhiteElo "1742"]
[BlackElo "1966"]

1.e4 c5 2.Nf3 Nc6 3.Bb5 Qc7 4.Nc3 e6 5.Bxc6 bxc6 6.d3 g6 7.O-O Bg7 8.h3 d5
9.Qe1 Ne7 10.Nh2 Ba6 11.Na4 Qd6 12.f4 f6 13.Nf3 d4 14.b3 O-O 15.Ba3 e5 16.Bxc5 Qc7
17.fxe5 fxe5 18.Qh4 Bf6 19.Ng5 Bxg5 20.Qxg5 Rxf1+ 21.Rxf1 Re8 22.Qh6 Bc8
23.Rf6 Rd8 24.Bd6 Qxd6 25.Rxd6 Rxd6 26.Nc5  1-0

[Event "Battle of the GMs"]
[Site "Dapitan PHI"]
[Date "2009.03.27"]
[Round "6"]
[White "Bitoon,R"]
[Black "Gomez,Joh"]
[Result "1/2-1/2"]
[WhiteElo "2473"]
[BlackElo "2539"]

1.e4 c5 2.Nf3 Nc6 3.Bb5 g6 4.O-O Bg7 5.Bxc6 dxc6 6.d3 b6 7.h3 e5 8.Be3 Ne7
9.Qd2 h6 10.Re1 f5 11.Qc3 O-O 12.exf5 gxf5 13.Qb3+ Kh7 14.a4 Qd6 15.a5 Be6
16.Qa4 Bd5 17.axb6 axb6 18.Qxa8 Rxa8 19.Rxa8 Bxf3 20.gxf3 Ng6 21.Kf1 Qd5
22.Ke2 Nh4 23.Nd2 f4 24.Ra7 fxe3 25.Rg1 Ng6 26.fxe3 Qe6 27.Ne4 c4 28.h4 cxd3+
29.cxd3 Ne7 30.h5 c5 31.Kf2 Kg8 32.Rb7 Kf8 33.Ra1 Bf6 34.Nxf6 Qxf6 35.Ra8+ Kf7
36.Raa7 Qh4+ 37.Kg2 Qg5+ 38.Kf2 Qxh5 39.Rxe7+ Kf6 40.Rg7 Qh4+ 41.Kf1 Qh1+
42.Kf2 Qc1 43.Rae7 Qd2+ 44.Kg3 Qe1+ 45.Kg2 Qxe3 46.Rgf7+ Kg6 47.Rg7+ Kh5
48.Rg4 Qe2+ 49.Kg3 Qe1+ 50.Kg2 Qe2+  1/2-1/2

[Event "Victor Ciocaltea Mem"]
[Site "Bucharest ROM"]
[Date "2009.03.28"]
[Round "6"]
[White "Roganovic,Milo"]
[Black "Haznedaroglu,K"]
[Result "0-1"]
[WhiteElo "2475"]
[BlackElo "2451"]

1.e4 c5 2.Nf3 Nc6 3.Bb5 Qb6 4.Nc3 e6 5.O-O Nge7 6.Re1 Nd4 7.Bc4 d6 8.Nxd4 cxd4
9.Ne2 Nc6 10.d3 Be7 11.a3 O-O 12.Rb1 Bd7 13.f4 a5 14.Ng3 Qc5 15.Bd2 a4 16.Ba2 Kh8
17.Kh1 Bd8 18.e5 dxe5 19.Ne4 Qb6 20.fxe5 Nxe5 21.Bb4 Bc7 22.Qh5 f6 23.Bxf8 Rxf8
24.b4 Qc6 25.Re2 Bb8 26.Rf1 Be8 27.Qh3 Bf7 28.c4 dxc3 29.d4 Ng6 30.Qxc3 Qb5
31.Bc4 Qd7 32.Nc5 Qd6 33.g3 b6 34.Ne4 Qc6 35.b5 Qb7 36.Qf3 Qd7 37.Qf2 Bg8
38.Kg1 Ne7 39.Ng5 Nd5 40.Rfe1 Re8 41.Ne4 Rf8 42.Rc1 Ne7 43.Nc3 Rc8 44.Nxa4 Qa7
45.Nb2 Qxa3 46.Rce1 e5 47.Bxg8 Nxg8 48.Qf5 Rd8 49.Kg2 Rxd4 50.Qc8 Qd6 51.Rc1 Qd5+
52.Kg1 Qxb5 53.Rc4 Bd6 54.Qc6 Qxc6 55.Rxc6 Bc5 56.Kg2 h5 57.Rc8 Kh7 58.Ra8 Ne7
59.Na4 h4 60.Rb2 hxg3 61.hxg3 Nf5 62.Nxb6 Rd3 63.g4 Ne3+ 64.Kh1 Nxg4 65.Na4 Bd4
66.Rb7 Rg3 67.Rb1 f5 68.Nb6 f4 69.Nd7 Nf2+ 70.Kh2 Rh3+  0-1

[Event "Open B"]
[Site "Zagreb CRO"]
[Date "2009.03.28"]
[Round "8"]
[White "Ivekovic,Bo1"]
[Black "Jelecevic,I"]
[Result "1/2-1/2"]
[WhiteElo "2093"]
[BlackElo "2147"]

1.e4 c5 2.Nf3 Nc6 3.Bb5 Nf6 4.Bxc6 dxc6 5.Nc3 Bg4 6.d3 e6 7.Be3 Be7 8.Qd2 Bxf3
9.gxf3 Qa5 10.Ne2 Qxd2+ 11.Kxd2 g6 12.Nc3 O-O-O 13.Ke2 Nh5 14.e5 Ng7 15.Ne4 Nf5
16.c3 Nxe3 17.fxe3 Rd5 18.f4 Rhd8 19.Rad1 b5 20.Nd6+ Bxd6 21.e4 Rxe5 22.fxe5 Bxe5
23.h3 Kc7 24.Kd2 a5 25.Rhf1 f6 26.Ke3 g5 27.Rf3 b4 28.d4 Bf4+ 29.Ke2 cxd4
30.Rxd4 Rxd4 31.cxd4 Kd6 32.b3 h5 33.Kd3 e5 34.dxe5+ Kxe5 35.Rf1 g4 36.hxg4 hxg4
37.Rg1 g3 38.Rg2 Kd6 39.Rc2 Be5 40.Ke3 c5 41.Kf3 Kc6 42.Kg2 Bc3 43.Kxg3 c4
44.Kf3 Kb5 45.Ke2 a4 46.bxa4+ Kxa4 47.Rxc3 bxc3 48.Kd1 Ka3  1/2-1/2

[Event "Open B"]
[Site "Zagreb CRO"]
[Date "2009.03.29"]
[Round "9"]
[White "Franciskovic,V"]
[Black "Mitrovic,Mili"]
[Result "1-0"]
[WhiteElo "2124"]
[BlackElo "2012"]

1.e4 c5 2.Nf3 Nc6 3.Bb5 g6 4.O-O Bg7 5.d3 e6 6.Nc3 Nge7 7.Be3 Nd4 8.Bxd4 cxd4
9.Ne2 Qb6 10.Bc4 O-O 11.c3 Nc6 12.Qd2 Qc5 13.Rac1 dxc3 14.Nxc3 a6 15.a3 b5
16.Ba2 Qh5 17.Rce1 Nd4 18.Nxd4 Bxd4 19.Kh1 Bb7 20.Ne2 Bb6 21.Ng3 Qh4 22.f4 f5
23.exf5 gxf5 24.Re5 Rf6 25.Nxf5 Qg4 26.Nd6 Bc6 27.Ne4 Bxe4 28.dxe4 Bc7 29.h3 Qh4
30.Rf5 Raf8 31.Qxd7 Bb8 32.Bxe6+ Kh8 33.e5 Rxf5 34.Bxf5 Qh5 35.Bg4 Qg6 36.e6 h5
37.e7 Re8 38.Bf5 Qf7 39.Re1 Ba7 40.Qxe8+ Qxe8 41.Bd7  1-0